Представление документа в формате MARC21

Поле Инд. ПП Название Значение
Тип записи a
Библиографический уровень m
001 Контрольный номер df50fdf8-f9e7-4c80-b635-ddef0a774e0f
005 Дата корректировки 20140703164834.3
008 Кодируемые данные 080529
020 a ISBN 978-5-238-01447-0
c Цена, тираж 144.00
040 a Служба первич. каталог. НБ ТвГУ
041 a Код языка текста rus
080 a Индекс УДК 343.9(075.8)
084 a Индекс другой классификации/Индекс ББК Х51я73-1
090 x Авторский знак К82
a Полочн. индекс Х51
245 10 a Заглавие Криминология
b Продолж. заглавия учеб. пособие для студентов вузов, обучающихся по специальности 030501 "Юриспруденция"
c Ответственность [А. В. Симоненко и др.]; под ред. С. М. Иншакова, А. В. Симоненко
250 a Основные сведения об издании 2-е изд., перераб. и доп.
260 0_ a Место издания Москва
b Издательство ЮНИТИ
b Издательство Закон и право
c Дата издания 2008
300 a Объем 222, [1] с.
440 a Серия Экзамен : Э
500 a Примечание Авт. указаны на обороте тит. л.
504 a Библиография Библиогр.: с. 216-221 и в подстроч. примеч.
583 a Действие Получение впервые 139 29.05.2008
k Исполнитель действия ООО "Издательство ЮНИТИ-ДАНА"
650 a Основная рубрика Криминология
x Основная подрубрика Учебники для вузов
653 a Ключевые слова Криминология
700 1_ a Другие авторы Симоненко Александр Викторович
e Роль лиц авт.
700 1_ a Другие авторы Солодовников С. А.
e Роль лиц авт.
700 1_ a Другие авторы Боков А. В.
e Роль лиц авт.
700 1_ a Другие авторы Антонов Е. А.
e Роль лиц авт.
700 1_ a Другие авторы Староверова О. В.
e Роль лиц авт.
700 1_ a Другие авторы Саркисян А. Ж.
e Роль лиц авт.
700 1_ a Другие авторы Иншаков Сергей Михайлович
e Роль лиц ред.
852 t Порядковый номер экземпляра 3
p Инвентарный номер 910261
p Инвентарный номер 910262
p Инвентарный номер 910263
863 t 00239954
863 t 00239955
863 t 00239956
888 a За счет средств университета
930 a Новая/Ретро учебники
952 p 139.2008 144.00 1 910261
p 139.2008 144.00 1 910262
p 139.2008 144.00 1 910263
c Вид литературы К ру
954 a Дата поступления на обработку 20080602
999 a Подразделение 2 Фил1